| 000 | 00471nam a22001337a 4500 | ||
|---|---|---|---|
| 003 | SGT | ||
| 020 | _a9788126729661 | ||
| 082 |
_a891.4309 _bV17P |
||
| 100 | _aपुष्पा, मैत्रैयी | ||
| 245 | _aवह सफर था की मुकाम था : मेरी नज़र में राजेंद्र यादव | ||
| 260 |
_bराजकमल प्रकाशन प्रा. लि. _c2017 |
||
| 300 | _a159 | ||
| 942 |
_2ddc _cBK |
||
| 999 |
_c29761 _d29761 |
||